| 000 | 00000nam 2200000zi 4500 |
| 001 | 9.930831 |
| 003 | CaOODSP |
| 005 | 20240223105614 |
| 006 | m o d f |
| 007 | cr mn||||||||| |
| 008 | 231124s2024 onca o f000 0 eng d |
| 020 | |a9780660690209 |
| 040 | |aCaOODSP|beng|erda|cCaOODSP |
| 043 | |an-cn--- |
| 086 | 1 |aRv4-170/2024E-PDF |
| 245 | 00|aNew to Canada? : |byou may be eligible for benefits and credits. |
| 264 | 1|a[Ottawa] : |bCanada Revenue Agency = Agence du revenue du Canada, |c[2024] |
| 300 | |a1 online resource (1 page) : |billustrations |
| 336 | |atext|btxt|2rdacontent |
| 337 | |acomputer|bc|2rdamedia |
| 338 | |aonline resource|bcr|2rdacarrier |
| 500 | |aIssued also in French under title: Vous venez d'arriver au Canada? Vous pourriez avoir droit à des prestations et à des crédits. |
| 500 | |a"RC629- 222 (E)." |
| 650 | 0|aImmigrants|xTaxation|zCanada. |
| 650 | 0|aImmigrants|xServices for|zCanada. |
| 650 | 0|aFamily allowances|zCanada. |
| 650 | 0|aTax credits|zCanada. |
| 650 | 0|aTax returns|zCanada. |
| 710 | 2 |aCanada Revenue Agency, |eissuing body. |
| 775 | 08|tVous venez d'arriver au Canada? : |w(CaOODSP)9.930832 |
| 775 | 08|t¿Recién llegado(a) a Canadá? : |w(CaOODSP)9.930833 |
| 775 | 08|t[New to Canada?] : |w(CaOODSP)9.930835 |
| 775 | 08|t[New to Canada?] : |w(CaOODSP)9.930845 |
| 775 | 08|t[New to Canada?] : |w(CaOODSP)9.930848 |
| 775 | 08|t[New to Canada?] : |w(CaOODSP)9.930851 |
| 775 | 08|t[New to Canada?] : |w(CaOODSP)9.930855 |
| 775 | 08|t[New to Canada?] : |w(CaOODSP)9.930857 |
| 775 | 08|t[New to Canada?] : |w(CaOODSP)9.930859 |
| 795 | |tNew to Canada? : |b(2023)|w(CaOODSP)9.924783 |
| 856 | 40|qPDF|s184 KB|uhttps://publications.gc.ca/collections/collection_2024/arc-cra/Rv4-170-2024-eng.pdf |
| 986 | |aRC629- 222 (E) |